000 00838nam a2200265Ia 4500
003 OSt
005 20221005091839.0
006 a|||||r|||| 00| 0
007 ta
008 221004b |||||||| |||| 00| 0 eng d
020 _a9783631567906 (pbk)
_c3739.37
024 _a96724
037 _b151, 11/09/2008, Bhartiya Sahitya Bhawan
_cTextual
040 _aCRL
_cCRL
_beng
041 _2eng
_aeng
082 _aX610aY:1, P7
100 _aCox Fiona Ed.
_9616622
245 0 _aMoney and culture
260 _aNew York
_bPeter Lang U.S.A
_c2007
300 _a375p.
_ccm.
650 _aECONOMICS
700 _a Schmidt - Hannisa Hans - Walter Ed.
_9616623
942 _hX610aY:1, P7
_cTEXL
_2cc
999 _c997894
_d997894